Golografija. /Holografia/.

Uložené v:
Podrobná bibliografia
Hlavný autor: OSTROVSKIJ, J.I (Author)
Médium: Kniha
Jazyk:Russian
Vydané: 1970
Tagy: Pridať tag
Žiadne tagy, Buďte prvý kto otaguje tento záznam!

MARC

LEADER 00000nam a2200000 a 4500
001 000114607
005 00000000000000.0
008 040101s1970 e ruso
041 0 |a rus 
100 1 |a OSTROVSKIJ, J.I.  |4 aut 
245 1 0 |a Golografija. /Holografia/. 
260 |c 1970 
500 |a Záznam neprešiel kontrolou 
910 |a svkkk 
998 |a BK 
090 |g SCKHL  |k Sklad Pribinova 2. posch.  |a II0.14039  |i 114607-10  |s Absenčne